00991nam a2200253 u 45000010006000000050017000060080041000230200018000640350010000820350021000920400013001130410008001260820008001341000035001422450061001772600058002383000045002965050248003416500035005896500016006246500027006407000037006677000033007047458220260504072118.0960313s1993 spa  a9789706250193 a74582 a(OCoLC)778207928 ccomduadb aspa 4a53810aJoseph Nathan, Pedro4auteaut10aElementos de resonancia magnética nuclear de hidrogeno aMéxico D.F. :bGrupo Editorial Iberoamerica,c1993. axv, 147 páginas :bgráficas, tablas. aCONTENIDO : Prologo. -- Consideraciones teóricas. -- Patrones de acoplamiento espín-espín. -- Protones aromáticos y vinílicos. -- Análisis de mezclas. -- Aplicaciones fisicoquímicas y analíticas. -- Bibliografía. -- Índice. aResonancia magnética nuclear aHidrógeno 7aFísica nuclear2lemb10aDíaz Torres, Eduardo4auteaut10aShoolery, James N.4auieaui